On This Day: February 2nd Quiz Stats

 Plays Quiz Updated Feb 2, 2018

Challenge
Share
Tweet
Embed
Score 0/7 Timer 03:00
0 Plays Today
Question Answer Wrong Answers
This Dutch settlement, which later became New York City, receives municipal rights and thus becomes an official city.
1653
New Amsterdam
93.4%
Fort Nassau
1.3%
Fort Orange
1.1%
Jamestown
4.2%
Mike Todd marries this actress; he was her third husband.
1957
Elizabeth Taylor
83.5%
Katharine Hepburn
2.7%
Debbie Reynolds
2.7%
Marilyn Monroe
9.5%
This actor wins the Golden Globe for Best Actor - Drama, for his performance in True Grit.
1970
John Wayne
81.1%
Alan Arkin
0.7%
Dustin Hoffman
2.8%
Clint Eastwood
13.6%
The funeral of this British queen takes place.
1901
Victoria
81%
Mary I
2.6%
Elizabeth I
10.8%
Mary, Queen of Scots
4.2%
In this city, the first Groundhog Day is observed.
1887
Punxsutawney
80.5%
Philadelphia
10.4%
Pittsburgh
7%
Pittston
1%
This Colombian singer, with hits like 'Hips Don't Lie' and 'Whenever, Wherever', is born.
1977
Shakira
78.2%
Selena
8%
Jennifer Lopez
8.1%
Rihanna
4.1%
This treaty is signed, ending the Mexican-American War.
1848
Treaty of Guadalupe Hidalgo
78.1%
Treaty of Limits
3.7%
Treaty of Washington
7.9%
Treaty of Ghent
9.6%

Today's Daily Dose

You're not logged in!

Compare scores with friends on all Sporcle quizzes.
OR
Log In

You Might Also Like...

Show Comments

Extras

Top Quizzes Today


Score Distribution

Your Account Isn't Verified!

In order to create a playlist on Sporcle, you need to verify the email address you used during registration. Go to your Sporcle Settings to finish the process.

Report this User

Report this user for behavior that violates our Community Guidelines.

Details: